| 000 | 00394nam a2200145 a 4500 | ||
|---|---|---|---|
| 001 | 000016060 | ||
| 005 | 20200929164245.0 | ||
| 008 | 100224s1990 dr r 000 0 spa d | ||
| 040 |
_aDO-SdBNP _bspa _cBNPHU |
||
| 082 |
_axxx _bI73c |
||
| 100 | 1 |
_aIsa, Minerva _936027 |
|
| 245 | 1 | 0 |
_aCarceles dominicanas / _cMinerva Isa. |
| 260 |
_aSanto Domingo : _bCorripio, _c1990. |
||
| 300 |
_a798 p. ; _c22 cm. |
||
| 999 |
_c15601 _d15601 |
||